[Event "III Open Costa Viola A"]
[Site "Sant'Eufemia d'Aspromonte ITA"]
[Date "2010.01.04"]
[Round "3"]
[White "Familari, Giuseppe"]
[Black "Rotunno, Giuseppe"]
[Result "1-0"]
[WhiteElo "1863"]
[BlackElo "2069"]
[PlyCount "115"]
[EventDate "2010.01.02"]

1. e4 c5 2. c3 d5 3. exd5 Qxd5 4. d4 e5 5. Nf3 Nc6 6. Nxe5 Nxe5 7. dxe5 Qxd1+
8. Kxd1 Bg4+ 9. Be2 O-O-O+ 10. Ke1 Bf5 11. Na3 Ne7 12. Bf4 Nc6 13. Nc4 b5 14.
Ne3 Bd3 15. Bxd3 Rxd3 16. Ke2 c4 17. a4 a6 18. axb5 axb5 19. Rhd1 Rxd1 20. Rxd1
Bc5 21. Rd5 Bxe3 22. Kxe3 Na7 23. Kd4 Re8 24. Rd6 h6 25. Rb6 Kc7 26. Kc5 Rc8
27. e6+ Kd8+ 28. Kd6 fxe6 29. Be5 g6 30. Kxe6 Rc5 31. Kd6 Rc7 32. Kd5 Rf7 33.
Rxg6 Nc8 34. Rg8+ Kd7 35. Rg7 Ne7+ 36. Kc5 Rxf2 37. g4 h5 38. Bg3 Rxb2 39. Bh4
Rxh2 40. Bxe7 Ke6 41. g5 h4 42. Kxb5 Kd5 43. Rh7 Rb2+ 44. Bb4 Rh2 45. g6 Ke6
46. g7 Kf7 47. Bf8 h3 48. Rh8 Rg2 49. g8=Q+ Rxg8 50. Rxg8 Kxg8 51. Bd6 Kf7 52.
Kxc4 Ke6 53. Bh2 Kd7 54. Kb5 Kc8 55. Kc6 Kd8 56. c4 Kc8 57. c5 Kd8 58. Kb7 1-0

[Event "III Open Costa Viola A"]
[Site "Sant'Eufemia d'Aspromonte ITA"]
[Date "2010.01.04"]
[Round "3"]
[White "Gangemi, Salvatore"]
[Black "Palazzotto, Roberto"]
[Result "1/2-1/2"]
[WhiteElo "2101"]
[BlackElo "1927"]
[PlyCount "88"]
[EventDate "2010.01.02"]

1. c4 c6 2. Nf3 d5 3. cxd5 cxd5 4. e3 Nf6 5. Ne5 Nc6 6. Bb5 Bd7 7. Nxd7 Qxd7 8.
d4 e6 9. O-O Bd6 10. h3 O-O 11. Nd2 Rac8 12. a3 a6 13. Bd3 Bb8 14. f4 Qc7 15.
Nf3 b5 16. Bd2 Qe7 17. Rc1 Nd7 18. Be1 f5 19. Rf2 Nf6 20. Rfc2 Na7 21. Bh4 Rxc2
22. Qxc2 Qb7 23. Ng5 Re8 24. Qd1 h6 25. Nf3 Rc8 26. Ne5 Rxc1 27. Qxc1 Qc7 28.
Qxc7 Bxc7 29. Bxf6 gxf6 30. Nd7 Kf7 31. Kf2 a5 32. b3 Bd6 33. a4 bxa4 34. bxa4
Ke7 35. Nc5 Nc6 36. Bb5 Nb4 37. Kf3 Nc2 38. g4 e5 39. Nb3 exf4 40. exf4 fxg4+
41. hxg4 Bb4 42. Ke2 Kd6 43. Bd3 Na3 44. Bg6 Nc4 1/2-1/2

[Event "III Open Costa Viola A"]
[Site "Sant'Eufemia d'Aspromonte ITA"]
[Date "2010.01.04"]
[Round "3"]
[White "Maiorov, Nikita"]
[Black "Sabia, Corrado"]
[Result "1-0"]
[WhiteElo "2509"]
[BlackElo "2176"]
[PlyCount "77"]
[EventDate "2010.01.02"]

1. d4 d5 2. c4 c6 3. Nc3 Nf6 4. e3 e6 5. Nf3 Nbd7 6. Qc2 Bd6 7. Bd3 dxc4 8.
Bxc4 b5 9. Be2 O-O 10. O-O Bb7 11. Rd1 Qb8 12. e4 e5 13. dxe5 Nxe5 14. Nd4 Ng6
15. g3 Re8 16. a3 a5 17. Nf5 Bf8 18. f3 Bc8 19. Nd4 Qb7 20. Bg5 Be7 21. Be3 Bd7
22. Nb3 Be6 23. Bf2 Bf8 24. Nd4 Bd7 25. a4 b4 26. Nb1 Ne5 27. Nd2 c5 28. N4b3
c4 29. Nxc4 Rec8 30. Nbd2 b3 31. Qb1 Nxc4 32. Bxc4 Bb4 33. Qd3 Bc6 34. Qxb3 Qe7
35. Nf1 Rab8 36. Qd3 Bc5 37. b3 Rd8 38. Bxc5 Qxc5+ 39. Qe3 1-0

[Event "III Open Costa Viola A"]
[Site "Sant'Eufemia d'Aspromonte ITA"]
[Date "2010.01.04"]
[Round "3"]
[White "Piccoli, Vincenzo"]
[Black "Collutiis, Duilio"]
[Result "0-1"]
[WhiteElo "2016"]
[BlackElo "2429"]
[PlyCount "62"]
[EventDate "2010.01.02"]

1. e4 c5 2. Nf3 Nc6 3. d4 cxd4 4. Nxd4 Qc7 5. Nc3 e6 6. g3 a6 7. Bg2 d6 8. O-O
Be7 9. Re1 Nf6 10. Nxc6 bxc6 11. e5 dxe5 12. Rxe5 O-O 13. Re1 Bb7 14. Bf4 Qa5
15. Qd4 c5 16. Qa4 Qxa4 17. Nxa4 Bxg2 18. Kxg2 Nd5 19. Bd2 c4 20. Re4 Rac8 21.
Rd1 Rfd8 22. Ree1 Rd7 23. Ba5 Rb7 24. Nc3 Nf6 25. b3 h6 26. Ne4 Nd5 27. Rd4
cxb3 28. cxb3 Rb5 29. Ra4 Rxa5 30. Rxa5 Bb4 31. Rc5 Rxc5 0-1

[Event "III Open Costa Viola A"]
[Site "Sant'Eufemia d'Aspromonte ITA"]
[Date "2010.01.04"]
[Round "3"]
[White "Santagati, Alessandro"]
[Black "Forlano, Luigi"]
[Result "1-0"]
[WhiteElo "2167"]
[BlackElo "2011"]
[PlyCount "69"]
[EventDate "2010.01.02"]

1. d4 d5 2. e3 Nf6 3. c4 c6 4. Nf3 a6 5. Nc3 Bf5 6. Be2 h6 7. O-O e6 8. b3 Nbd7
9. Bb2 Bd6 10. Rc1 O-O 11. Re1 Ne4 12. Nxe4 Bxe4 13. Nd2 Bh7 14. Bf3 Nf6 15. h3
Qa5 16. a3 Rad8 17. b4 Qc7 18. c5 Be7 19. a4 Nd7 20. Nb3 Bf6 21. Bc3 Ra8 22.
Qe2 e5 23. b5 axb5 24. axb5 exd4 25. exd4 Rfe8 26. Qxe8+ Rxe8 27. Rxe8+ Nf8 28.
b6 Qd7 29. Rb8 Bd3 30. Na5 Bg5 31. Re1 Ba6 32. Bg4 f5 33. Bh5 g6 34. Bxg6 Qg7
35. Rxf8+ 1-0

[Event "III Open Costa Viola A"]
[Site "Sant'Eufemia d'Aspromonte ITA"]
[Date "2010.01.04"]
[Round "3"]
[White "Scerbo, Antonio"]
[Black "Gad, Ahmad"]
[Result "1/2-1/2"]
[WhiteElo "2093"]
[BlackElo "1971"]
[PlyCount "55"]
[EventDate "2010.01.02"]

1. d4 d5 2. Nf3 c6 3. c4 dxc4 4. Nc3 Nf6 5. a4 Bf5 6. e3 e6 7. Bxc4 Nbd7 8. O-O
h6 9. Qe2 Be7 10. e4 Bh7 11. Rd1 O-O 12. Bf4 Bb4 13. Bd3 Rc8 14. h3 Qb6 15. Qe3
c5 16. d5 exd5 17. Nxd5 Nxd5 18. exd5 Rfe8 19. Bxh7+ Kxh7 20. Qd3+ Kg8 21. Qf5
Rcd8 22. d6 c4 23. Rd5 Bc5 24. Bg3 Re6 25. Rc1 Bxd6 26. Bxd6 Rxd6 27. Rxd6 Qxd6
28. Rxc4 1/2-1/2

[Event "III Open Costa Viola A"]
[Site "Sant'Eufemia d'Aspromonte ITA"]
[Date "2010.01.04"]
[Round "3"]
[White "Seletsky, Grigory"]
[Black "Sanchez, Joseph"]
[Result "0-1"]
[WhiteElo "2345"]
[BlackElo "2490"]
[PlyCount "100"]
[EventDate "2010.01.02"]

1. e4 c5 2. Nf3 Nc6 3. Bb5 Nf6 4. Bxc6 dxc6 5. d3 Bg4 6. h3 Bh5 7. Nbd2 e6 8.
b3 Nd7 9. Bb2 f6 10. Qe2 e5 11. Nc4 Bf7 12. Ne3 g6 13. O-O Bd6 14. c3 Qe7 15.
Qc2 O-O-O 16. d4 exd4 17. cxd4 Rhe8 18. Nd2 cxd4 19. Bxd4 Bc5 20. Bc3 f5 21.
exf5 Bxe3 22. fxe3 Qxe3+ 23. Kh1 Bd5 24. Nf3 Be4 25. Qb2 Bxf5 26. Bd4 Qh6 27.
Qa3 a6 28. Bg1 Re2 29. Bh2 Bxh3 30. Rf2 Qe3 31. Qa5 Nb6 32. Rxe2 Qxe2 33. Rg1
Bxg2+ 34. Rxg2 Qxf3 35. Qe5 Rd1+ 36. Bg1 Qh3+ 37. Rh2 Qf3+ 38. Rg2 Qh5+ 39.
Qxh5 gxh5 40. Rg8+ Kc7 41. Rg7+ Nd7 42. Kg2 Rd2+ 43. Kf3 Rxa2 44. Be3 Kd6 45.
Bg5 c5 46. Rxh7 Rb2 47. Bf4+ Kc6 48. Rh6+ Kb5 49. Bc7 Rxb3+ 50. Ke4 Rb4+ 0-1

[Event "III Open Costa Viola A"]
[Site "Sant'Eufemia d'Aspromonte ITA"]
[Date "2010.01.04"]
[Round "3"]
[White "Serratore, Vincenzo"]
[Black "Scalise, Sandro"]
[Result "1-0"]
[WhiteElo "1891"]
[BlackElo "1826"]
[PlyCount "53"]
[EventDate "2010.01.02"]

1. d4 Nf6 2. Nf3 e6 3. Nbd2 c5 4. e3 Nc6 5. c3 d5 6. Bd3 Bd6 7. Qe2 Qc7 8. h3
O-O 9. O-O e5 10. dxe5 Nxe5 11. Nxe5 Bxe5 12. Nf3 Ne4 13. Qc2 f5 14. c4 Be6 15.
Nxe5 Qxe5 16. Rb1 Rfd8 17. b3 d4 18. Bb2 Rac8 19. Rbe1 b5 20. exd4 cxd4 21. f3
bxc4 22. bxc4 Qg3 23. fxe4 fxe4 24. Rxe4 Bxh3 25. Rf3 Bxg2 26. Rxg3 Bxe4 27.
Bxe4 1-0

[Event "III Open Costa Viola A"]
[Site "Sant'Eufemia d'Aspromonte ITA"]
[Date "2010.01.04"]
[Round "3"]
[White "Stromboli, Carlo"]
[Black "Salvador, Roland"]
[Result "0-1"]
[WhiteElo "2276"]
[BlackElo "2472"]
[PlyCount "88"]
[EventDate "2010.01.02"]

1. d4 Nf6 2. Nf3 b5 3. Bf4 Bb7 4. e3 a6 5. h3 e6 6. Bd3 c5 7. c3 Qb6 8. Nbd2
Nc6 9. O-O Be7 10. a4 O-O 11. axb5 axb5 12. Qb3 Ba6 13. Ra2 Nd5 14. dxc5 Bxc5
15. Ne4 Nxf4 16. Nxc5 Nxh3+ 17. gxh3 Qxc5 18. Rfa1 Qh5 19. Be2 Bb7 20. Qxb5
Qg6+ 21. Kh2 Rxa2 22. Rxa2 Ba8 23. Qd3 Qf6 24. Qe4 h6 25. Ra3 Qd8 26. b4 f5 27.
Qh4 Qc7+ 28. Qg3 f4 29. exf4 Ne7 30. Ne5 d6 31. Ng6 Nf5 32. Qd3 Rc8 33. Bf3
Bxf3 34. Qxf3 Kh7 35. Qe4 Re8 36. Ra8 Rxa8 37. Qxa8 Kxg6 38. Qe8+ Qf7 39. Qc6
Qa7 40. Kg2 Kf7 41. c4 Qd4 42. b5 Qc5 43. Qb7+ Ne7 44. b6 Qc6+ 0-1

[Event "III Open Costa Viola A"]
[Site "Sant'Eufemia d'Aspromonte ITA"]
[Date "2010.01.04"]
[Round "4"]
[White "Collutiis, Duilio"]
[Black "Maiorov, Nikita"]
[Result "1/2-1/2"]
[WhiteElo "2429"]
[BlackElo "2509"]
[PlyCount "43"]
[EventDate "2010.01.02"]

1. Nf3 Nf6 2. g3 d5 3. Bg2 c6 4. O-O Bg4 5. d3 Nbd7 6. Nbd2 e5 7. e4 Bd6 8. h3
Bh5 9. exd5 cxd5 10. c4 O-O 11. cxd5 Nxd5 12. Qb3 N5f6 13. Nc4 Nc5 14. Qa3 Bxf3
15. Bxf3 Be7 16. Nxe5 Ncd7 17. Qc3 Rc8 18. Qe1 Re8 19. d4 Bc5 20. Qd1 Bxd4 21.
Nxd7 Qxd7 22. Bg5 1/2-1/2

[Event "III Open Costa Viola A"]
[Site "Sant'Eufemia d'Aspromonte ITA"]
[Date "2010.01.04"]
[Round "4"]
[White "Drasko, Milan"]
[Black "Della Corte, Alessandro"]
[Result "1-0"]
[WhiteElo "2537"]
[BlackElo "2229"]
[PlyCount "41"]
[EventDate "2010.01.02"]

1. Nf3 g6 2. g3 Bg7 3. d4 b6 4. Bg2 Bb7 5. O-O d6 6. c4 Nd7 7. Nc3 e6 8. e4 Ne7
9. Be3 O-O 10. Rc1 a6 11. Re1 h6 12. Qd2 Kh7 13. h4 Nf6 14. Nh2 e5 15. dxe5
dxe5 16. Qxd8 Rfxd8 17. Nd5 Nfxd5 18. cxd5 c5 19. b4 Nc8 20. bxc5 bxc5 21. Bxc5
1-0

[Event "III Open Costa Viola A"]
[Site "Sant'Eufemia d'Aspromonte ITA"]
[Date "2010.01.04"]
[Round "4"]
[White "Gad, Ahmad"]
[Black "Forlano, Luigi"]
[Result "0-1"]
[WhiteElo "1971"]
[BlackElo "2011"]
[PlyCount "66"]
[EventDate "2010.01.02"]

1. e4 c5 2. Nf3 g6 3. d4 cxd4 4. Nxd4 Nc6 5. c4 Nf6 6. Nc3 Nxd4 7. Qxd4 d6 8.
Be2 Bg7 9. Be3 O-O 10. Qd2 Be6 11. Rc1 Qa5 12. O-O Rfc8 13. b3 a6 14. f3 b5 15.
Nd5 Qxd2 16. Bxd2 Nxd5 17. cxd5 Bd7 18. Rxc8+ Rxc8 19. Rc1 Rxc1+ 20. Bxc1 Bd4+
21. Kf1 Kf8 22. Ke1 Ke8 23. Kd2 Be5 24. g3 Bd4 25. Kd3 Bg1 26. h3 Bxh3 27. a4
Bd7 28. Bd1 Bf2 29. Bf4 g5 30. Bxg5 Bxg3 31. Bh6 e5 32. Ke2 Bf4 33. Bg7 Ke7 0-1

[Event "III Open Costa Viola A"]
[Site "Sant'Eufemia d'Aspromonte ITA"]
[Date "2010.01.04"]
[Round "4"]
[White "Gromovs, Sergejs"]
[Black "Piccoli, Vincenzo"]
[Result "1-0"]
[WhiteElo "2334"]
[BlackElo "2016"]
[PlyCount "57"]
[EventDate "2010.01.02"]

1. d4 Nf6 2. Nf3 b6 3. c4 e6 4. a3 Ba6 5. Qc2 Bb7 6. Nc3 c5 7. dxc5 Bxc5 8. b4
Be7 9. Bf4 d6 10. Rd1 O-O 11. e4 a6 12. Bxd6 Bxd6 13. e5 Ne8 14. exd6 Nd7 15.
Be2 Qf6 16. O-O e5 17. Rd2 Rc8 18. Rfd1 Qh6 19. Nd5 Bxd5 20. Rxd5 e4 21. Nd4 g6
22. Nb3 Nef6 23. R5d4 Rfd8 24. Qc1 Qh4 25. Qe3 Nf8 26. R4d2 N8d7 27. c5 bxc5
28. Nxc5 Ne5 29. Qg3 1-0

[Event "III Open Costa Viola A"]
[Site "Sant'Eufemia d'Aspromonte ITA"]
[Date "2010.01.04"]
[Round "4"]
[White "Luvera', Filippo"]
[Black "Scerbo, Antonio"]
[Result "1/2-1/2"]
[WhiteElo "1871"]
[BlackElo "2093"]
[PlyCount "29"]
[EventDate "2010.01.02"]

1. e4 c5 2. c3 d5 3. exd5 Qxd5 4. d4 Nc6 5. Nf3 cxd4 6. cxd4 e5 7. Nc3 Bb4 8.
Bd2 Bxc3 9. Bxc3 e4 10. Ne5 Nxe5 11. dxe5 Ne7 12. Qa4+ Bd7 13. Qa3 Qe6 14. Rd1
O-O 15. Rd6 1/2-1/2

[Event "III Open Costa Viola A"]
[Site "Sant'Eufemia d'Aspromonte ITA"]
[Date "2010.01.04"]
[Round "4"]
[White "Palazzotto, Roberto"]
[Black "Stromboli, Carlo"]
[Result "0-1"]
[WhiteElo "1927"]
[BlackElo "2276"]
[PlyCount "58"]
[EventDate "2010.01.02"]

1. e4 e5 2. Nf3 Nc6 3. Bb5 a6 4. Ba4 Nf6 5. O-O b5 6. Bb3 Bc5 7. c3 d6 8. h3
Bb7 9. Re1 h6 10. d4 Bb6 11. Bc2 O-O 12. Be3 exd4 13. cxd4 Nb4 14. d5 Nxc2 15.
Qxc2 c5 16. dxc6 Rc8 17. Qd3 Bxc6 18. Bxb6 Qxb6 19. Nbd2 Qb7 20. Nd4 Rfe8 21.
Nf5 Re6 22. Nxd6 Rd8 23. e5 Ne8 24. Nb3 Rg6 25. Qxg6 Rxd6 26. Qc2 Rg6 27. Nc5
Rxg2+ 28. Kf1 Rh2 29. Nxb7 Bf3 0-1

[Event "III Open Costa Viola A"]
[Site "Sant'Eufemia d'Aspromonte ITA"]
[Date "2010.01.04"]
[Round "4"]
[White "Rotunno, Giuseppe"]
[Black "Blasco, Domenico"]
[Result "1-0"]
[WhiteElo "2069"]
[BlackElo "1987"]
[PlyCount "143"]
[EventDate "2010.01.02"]

1. d4 Nf6 2. Nf3 c5 3. e3 g6 4. b3 Bg7 5. Bb2 O-O 6. Be2 b6 7. O-O Bb7 8. c4
cxd4 9. exd4 d5 10. Ne5 Nc6 11. Bf3 e6 12. Re1 Qc7 13. Nc3 Rad8 14. Rc1 Nxe5
15. dxe5 dxc4 16. Qe2 Bxf3 17. Qxf3 Nd7 18. Nb5 Qb8 19. Qe2 a6 20. Nd4 Nxe5 21.
bxc4 Qb7 22. Nxe6 fxe6 23. Bxe5 Bxe5 24. Qxe5 Qd7 25. Rc2 Rf5 26. Qe3 Qd6 27.
Rce2 e5 28. Qg3 Rf4 29. Qb3 Qc5 30. g3 Rf5 31. Rb1 Rd6 32. Qa4 Rdf6 33. Rbb2 a5
34. Rbd2 Rf8 35. Rd5 Qc7 36. Qb5 Rc8 37. Re4 Rcf8 38. Rd7 Qc5 39. Qxc5 bxc5 40.
Re2 Rb8 41. Rc7 a4 42. Rxc5 Rb4 43. Rc7 a3 44. Rd2 Rb2 45. Rxb2 axb2 46. Rb7
Rf3 47. Rxb2 Rc3 48. Rb4 Kf7 49. a4 Ke6 50. a5 Ra3 51. Rb6+ Kf5 52. Rb5 Ke4 53.
Kg2 g5 54. f3+ Kf5 55. c5 h5 56. Rb2 Rxa5 57. Rc2 Ra7 58. c6 Rc7 59. Kf2 Ke6
60. Ke3 Kd5 61. h3 g4 62. hxg4 hxg4 63. fxg4 Rxc6 64. Rxc6 Kxc6 65. Ke4 Kd6 66.
Kf5 e4 67. Kxe4 Ke6 68. g5 Kf7 69. Kf5 Kg7 70. g6 Kf8 71. Kf6 Kg8 72. g7 1-0

[Event "III Open Costa Viola A"]
[Site "Sant'Eufemia d'Aspromonte ITA"]
[Date "2010.01.04"]
[Round "4"]
[White "Sabia, Corrado"]
[Black "Gangemi, Salvatore"]
[Result "1/2-1/2"]
[WhiteElo "2176"]
[BlackElo "2101"]
[PlyCount "89"]
[EventDate "2010.01.02"]

1. Nf3 Nf6 2. g3 d5 3. Bg2 g6 4. O-O Bg7 5. d4 Nbd7 6. c4 c6 7. cxd5 cxd5 8.
Nc3 O-O 9. Qb3 e6 10. Bf4 a6 11. Rac1 Qb6 12. Qc2 Qb4 13. a3 Qe7 14. Rfe1 Nb6
15. Ne5 Nh5 16. Be3 f5 17. Qb3 Qd6 18. f3 Nd7 19. Nd3 Kh8 20. Bf2 Qb6 21. Qa4
Qd8 22. Qb4 Qb6 23. Na4 Qxb4 24. Nxb4 Nhf6 25. Rc2 Ne8 26. e4 fxe4 27. fxe4
Rxf2 28. Kxf2 Bxd4+ 29. Ke2 a5 30. Nd3 Ndf6 31. Nac5 a4 32. Nxa4 dxe4 33. Nf2
Nd6 34. Nc3 e3 35. Nfe4 Nfxe4 36. Nxe4 Nxe4 37. Bxe4 e5 38. Rec1 Bg4+ 39. Bf3
Bf5 40. Rc7 Bxb2 41. R1c4 Rxa3 42. Be4 Bg4+ 43. Bf3 Bf5 44. Be4 Bg4+ 45. Bf3
1/2-1/2

[Event "III Open Costa Viola A"]
[Site "Sant'Eufemia d'Aspromonte ITA"]
[Date "2010.01.04"]
[Round "4"]
[White "Salvador, Roland"]
[Black "Efimov, Igor"]
[Result "1-0"]
[WhiteElo "2472"]
[BlackElo "2462"]
[PlyCount "81"]
[EventDate "2010.01.02"]

1. d4 d6 2. Nf3 g6 3. c4 Bg7 4. Nc3 Nf6 5. e4 O-O 6. h3 Nc6 7. d5 Nb8 8. Be3 c6
9. Be2 a6 10. g4 b5 11. Qc2 Bb7 12. O-O-O cxd5 13. exd5 Qa5 14. Nd2 Rc8 15. Nb3
Qd8 16. g5 Nfd7 17. f4 bxc4 18. Nd4 a5 19. h4 Na6 20. h5 Nb4 21. Qe4 Nc5 22.
Qf3 Qb6 23. hxg6 hxg6 24. f5 Ncd3+ 25. Bxd3 cxd3 26. Kb1 Rxc3 27. fxg6 Bxd5 28.
gxf7+ Kf8 29. Ne6+ Bxe6 30. Qxa8+ Rc8 31. Qxc8+ Bxc8 32. Bxb6 Bf5 33. Rd2 Kxf7
34. Rf1 Kg6 35. Bxa5 Nc6 36. Rxf5 Kxf5 37. Rxd3 e5 38. Bc7 e4 39. Rxd6 Nb4 40.
Ba5 Nd3 41. Bc3 1-0

[Event "III Open Costa Viola A"]
[Site "Sant'Eufemia d'Aspromonte ITA"]
[Date "2010.01.04"]
[Round "4"]
[White "Sanchez, Joseph"]
[Black "Lazic, Miroljub"]
[Result "1/2-1/2"]
[WhiteElo "2490"]
[BlackElo "2484"]
[PlyCount "103"]
[EventDate "2010.01.02"]

1. e4 e5 2. Nf3 Nc6 3. Nc3 Nf6 4. d4 Bb4 5. Nxe5 Qe7 6. Qd3 Nxe5 7. dxe5 Qxe5
8. Bd2 O-O 9. f3 d5 10. f4 Qe6 11. e5 Bxc3 12. Bxc3 Ne4 13. Be2 Nxc3 14. Qxc3
c6 15. Rf1 Bd7 16. Rf2 f6 17. exf6 Qxf6 18. Qxf6 Rxf6 19. Kd2 Raf8 20. Raf1 g5
21. g3 Bh3 22. Rg1 Kh8 23. Rf3 Bg4 24. Rb3 Bxe2 25. Kxe2 b6 26. Rf1 gxf4 27.
Rbf3 Kg7 28. gxf4 Rh6 29. R1f2 Re8+ 30. Kd3 Kf6 31. Rg3 Rh4 32. b3 c5 33. c4 d4
34. a3 h6 35. b4 Kf5 36. bxc5 bxc5 37. Rb2 Rh5 38. Rb7 Kxf4 39. Rf7+ Ke5 40.
Rxa7 Rxh2 41. Rg1 Rh3+ 42. Kd2 Rh2+ 43. Kd3 Rh3+ 44. Kd2 Ke4 45. Re1+ Re3 46.
Rh1 Kf3 47. Rf7+ Kg4 48. Rg1+ Kh4 49. Rh1+ Kg5 50. Rg1+ Kh4 51. Rh1+ Kg5 52.
Rg1+ 1/2-1/2

[Event "III Open Costa Viola A"]
[Site "Sant'Eufemia d'Aspromonte ITA"]
[Date "2010.01.04"]
[Round "4"]
[White "Scalise, Sandro"]
[Black "Cordi', Domenico"]
[Result "0-1"]
[WhiteElo "1826"]
[BlackElo "2072"]
[PlyCount "40"]
[EventDate "2010.01.02"]

1. d4 Nf6 2. Nf3 e6 3. Bf4 c5 4. e3 cxd4 5. exd4 d6 6. c3 Be7 7. Nbd2 O-O 8.
Bd3 b6 9. a4 Bb7 10. O-O Nc6 11. Ne4 Nd5 12. Bg5 h6 13. Bc1 e5 14. Bc4 Nc7 15.
Ng3 e4 16. d5 exf3 17. dxc6 Bxc6 18. Nf5 Qd7 19. Nxh6+ gxh6 20. Bxh6 Qg4 0-1

[Event "III Open Costa Viola A"]
[Site "Sant'Eufemia d'Aspromonte ITA"]
[Date "2010.01.04"]
[Round "4"]
[White "Serratore, Vincenzo"]
[Black "Santagati, Alessandro"]
[Result "0-1"]
[WhiteElo "1891"]
[BlackElo "2167"]
[PlyCount "78"]
[EventDate "2010.01.02"]

1. d4 Nf6 2. Nd2 c5 3. e3 e6 4. Ngf3 b6 5. Bd3 Bb7 6. Qe2 d5 7. c3 Be7 8. Ne5
O-O 9. Ndf3 Ne4 10. h4 f6 11. Ng4 Qd7 12. Nd2 e5 13. Nxe4 dxe4 14. Bc4+ Bd5 15.
Bb5 Qc8 16. dxe5 f5 17. Nh2 a6 18. Bc4 Qe6 19. Bxd5 Qxd5 20. Bd2 Nc6 21. c4
Qxe5 22. Bc3 Qe6 23. g3 Bf6 24. Bxf6 Qxf6 25. O-O Ne5 26. Rfd1 Nd3 27. Rd2 b5
28. cxb5 axb5 29. a3 c4 30. Rc2 Rfc8 31. f3 c3 32. b3 Qe6 33. Rb1 Nc5 34. fxe4
Nxe4 35. Kg2 Nd2 36. Nf3 Nxb1 37. Nd4 Qe4+ 38. Qf3 Nd2 39. Qxe4 fxe4 0-1

[Event "III Open Costa Viola A"]
[Site "Sant'Eufemia d'Aspromonte ITA"]
[Date "2010.01.04"]
[Round "4"]
[White "Stromboli, Ettore"]
[Black "Seletsky, Grigory"]
[Result "0-1"]
[WhiteElo "2263"]
[BlackElo "2345"]
[PlyCount "140"]
[EventDate "2010.01.02"]

1. e4 Nf6 2. e5 Nd5 3. d4 d6 4. Nf3 g6 5. Be2 Bg7 6. c4 Nb6 7. exd6 cxd6 8. O-O
O-O 9. Be3 Nc6 10. Nbd2 Bg4 11. h3 Bxf3 12. Nxf3 d5 13. c5 Nc8 14. b4 e6 15.
Qd2 N8e7 16. b5 Na5 17. Bh6 b6 18. Rac1 Nf5 19. Bxg7 Kxg7 20. Bd3 Qf6 21. Qf4
Rac8 22. Bxf5 Qxf5 23. Qxf5 gxf5 24. Ne5 Rfd8 25. c6 f6 26. Nd7 Kf7 27. Rc3 Ke7
28. Re3 Nxc6 29. Nxb6 axb6 30. bxc6 Rxc6 31. Rb1 Ra8 32. a3 Ra4 33. Rd1 Kf7 34.
Rd2 b5 35. g3 Rcc4 36. Rde2 Rxd4 37. Rxe6 Re4 38. R2xe4 fxe4 39. Rb6 Rxa3 40.
Rxb5 d4 41. Rd5 d3 42. g4 Ke6 43. Rd4 Ke5 44. Rd8 Ra1+ 45. Kg2 Ra6 46. Kg3 Rd6
47. f4+ exf3 48. Re8+ Kd4 49. Kxf3 Kc5 50. Rc8+ Kb4 51. Rb8+ Kc5 52. Rc8+ Kd4
53. Rc7 h6 54. Kf2 Re6 55. Rd7+ Ke4 56. Ke1 Ke3 57. Kd1 Ra6 58. Re7+ Kf4 59.
Rd7 Ra3 60. Rd6 Kg5 61. h4+ Kxg4 62. Rxf6 h5 63. Kd2 Kxh4 64. Rf8 Kg3 65. Rg8+
Kh3 66. Rg5 h4 67. Rg8 Kh2 68. Rb8 h3 69. Ke3 d2+ 70. Kf2 d1=Q 0-1

[Event "III Open Costa Viola A"]
[Site "Sant'Eufemia d'Aspromonte ITA"]
[Date "2010.01.04"]
[Round "4"]
[White "Tricomi, Massimo"]
[Black "Familari, Giuseppe"]
[Result "1/2-1/2"]
[WhiteElo "1917"]
[BlackElo "1863"]
[PlyCount "105"]
[EventDate "2010.01.02"]

1. c4 e5 2. Nc3 Nf6 3. g3 d6 4. Bg2 g6 5. e3 Bg7 6. Nge2 O-O 7. O-O c6 8. d4 a5
9. b3 Na6 10. Bb2 Re8 11. dxe5 dxe5 12. Qxd8 Rxd8 13. Rfd1 Bf5 14. e4 Be6 15.
Na4 Rxd1+ 16. Rxd1 Nd7 17. h4 Bg4 18. f3 Be6 19. Kh2 Nac5 20. Nxc5 Nxc5 21. Bh3
a4 22. Bxe6 Nxe6 23. b4 a3 24. Bc3 Rd8 25. Rxd8+ Nxd8 26. Kg2 Ne6 27. Kf2 c5
28. bxc5 Nxc5 29. Ke3 Bh6+ 30. f4 exf4+ 31. gxf4 Na4 32. Bb4 Bf8 33. Bxf8 Kxf8
34. Kd4 Ke7 35. Nc3 Nb2 36. Nb5 Nd1 37. Nxa3 Nf2 38. Nb5 Kd7 39. e5 Kc6 40. Nd6
Nh3 41. Ke3 f6 42. Ne4 fxe5 43. fxe5 h6 44. e6 b6 45. c5 bxc5 46. Nxc5 Kd6 47.
a4 g5 48. a5 Nf4 49. hxg5 hxg5 50. Ne4+ Kxe6 51. Nxg5+ Kd7 52. Ne4 Kc6 53. Kxf4
1/2-1/2

[Event "III Open Costa Viola A"]
[Site "Sant'Eufemia d'Aspromonte ITA"]
[Date "2010.01.05"]
[Round "5"]
[White "Blasco, Domenico"]
[Black "Scerbo, Antonio"]
[Result "0-1"]
[WhiteElo "1987"]
[BlackElo "2093"]
[PlyCount "86"]
[EventDate "2010.01.02"]

1. d4 d5 2. Nf3 Nf6 3. e3 c5 4. c3 Nc6 5. h3 e6 6. Bd3 Bd6 7. Nbd2 O-O 8. O-O
b6 9. a3 a5 10. e4 dxe4 11. Nxe4 Nxe4 12. Bxe4 Bb7 13. Ng5 h6 14. Qh5 Qe7 15.
Nh7 Rfc8 16. Bxh6 gxh6 17. Qxh6 f5 18. Qg6+ Qg7 19. Qxe6+ Kxh7 20. Bxf5+ Kh8
21. Qxd6 Nxd4 22. Bg4 Ne2+ 23. Kh2 Rc6 24. Qd7 Qe5+ 25. Kh1 Rc7 26. Qe6 Qxe6
27. Bxe6 Nf4 28. Rfe1 Nxg2 29. Re5 Nf4+ 30. Kh2 Re8 31. Rae1 Rce7 32. Kg3 Nxe6
33. Kg4 Rg8+ 34. Kf5 Ng7+ 35. Kf6 Rxe5 36. Rxe5 Rf8+ 37. Kg6 Rxf2 38. Re7 Rg2+
39. Kf7 Bd5+ 40. Kf6 Kh7 41. Rd7 Be6 42. Rb7 Bxh3 43. Rxb6 Rg6+ 0-1

[Event "III Open Costa Viola A"]
[Site "Sant'Eufemia d'Aspromonte ITA"]
[Date "2010.01.05"]
[Round "5"]
[White "Cordi', Domenico"]
[Black "Serratore, Vincenzo"]
[Result "0-1"]
[WhiteElo "2072"]
[BlackElo "1891"]
[PlyCount "56"]
[EventDate "2010.01.02"]

1. d4 d5 2. Nf3 Bf5 3. c4 e6 4. Nc3 Nc6 5. cxd5 exd5 6. Bf4 Bd6 7. Bg3 Bxg3 8.
hxg3 Nf6 9. e3 O-O 10. Rc1 Ne7 11. Nh4 Be6 12. Bd3 g6 13. Nf3 c6 14. Ng5 Bf5
15. Bxf5 Nxf5 16. Qf3 Re8 17. Kf1 h5 18. Nh3 Kg7 19. Nf4 Rh8 20. Nd3 Ng4 21.
Re1 Qg5 22. Qf4 Qf6 23. Kg1 Rae8 24. Qf3 Re7 25. Qd1 Rhe8 26. Qd2 Nfxe3 27.
fxe3 Rxe3 28. Rf1 Qxd4 0-1

[Event "III Open Costa Viola A"]
[Site "Sant'Eufemia d'Aspromonte ITA"]
[Date "2010.01.05"]
[Round "5"]
[White "Della Corte, Alessandro"]
[Black "Sabia, Corrado"]
[Result "1/2-1/2"]
[WhiteElo "2229"]
[BlackElo "2176"]
[PlyCount "40"]
[EventDate "2010.01.02"]

1. e4 c5 2. Nf3 e6 3. Nc3 a6 4. d4 cxd4 5. Nxd4 Qc7 6. Bd3 Nf6 7. O-O d6 8. Qe2
Be7 9. Bd2 O-O 10. Rae1 Nbd7 11. Kh1 b6 12. f4 Bb7 13. Rf3 g6 14. Rff1 Nh5 15.
Nf3 Nhf6 16. e5 dxe5 17. Nxe5 Nxe5 18. Qxe5 Qxe5 19. Rxe5 Rfd8 20. Re2 Rac8
1/2-1/2

[Event "III Open Costa Viola A"]
[Site "Sant'Eufemia d'Aspromonte ITA"]
[Date "2010.01.05"]
[Round "5"]
[White "Efimov, Igor"]
[Black "Stromboli, Ettore"]
[Result "1-0"]
[WhiteElo "2462"]
[BlackElo "2263"]
[PlyCount "119"]
[EventDate "2010.01.02"]

1. Nf3 Nf6 2. c4 b6 3. Nc3 Bb7 4. g3 e6 5. Bg2 Be7 6. O-O O-O 7. Re1 d5 8. cxd5
exd5 9. Qc2 d4 10. Nb5 c5 11. Qf5 a6 12. Na3 Be4 13. Qf4 Nc6 14. d3 Bd5 15. Nc2
Bd6 16. Qh4 Ne7 17. Bg5 Ng6 18. Qh3 h6 19. Bxf6 Qxf6 20. Nd2 Be6 21. Qh5 Rad8
22. f4 Bxf4 23. gxf4 Nxf4 24. Qf3 Bd5 25. Ne4 Qe5 26. Rf1 Nxg2 27. Qxg2 f5 28.
Qg3 Rde8 29. Qxe5 Rxe5 30. Ng3 f4 31. Ne4 Bxe4 32. dxe4 Rxe4 33. Kf2 Rfe8 34.
Rfe1 Kf7 35. Rad1 Kf6 36. Rd3 R8e6 37. b4 g5 38. a4 a5 39. bxc5 bxc5 40. Na3 g4
41. Nc4 f3 42. e3 dxe3+ 43. Rdxe3 Rxe3 44. Rxe3 Rc6 45. Re5 Rb6 46. Rxc5 Rb4
47. Ne3 Rxa4 48. Kg3 h5 49. Rxh5 Kg6 50. Rc5 Ra2 51. Nxg4 a4 52. h4 Ra1 53. h5+
Kg7 54. Rc7+ Kf8 55. h6 Rh1 56. Ra7 f2 57. Kxf2 a3 58. Rxa3 Kg8 59. Ra7 Kh8 60.
Ne5 1-0